000 00531pab a2200181 454500
008 180718b2006 xxu||||| |||| 00| 0 eng d
100 _aMallick, Hrushikesh
245 _aRe-examining the impact of fiscal deficits, money supply on short-term interest rates in India
260 _c2006
300 _ap.437-73.
362 _aDec
650 _aDeficit financing - India
650 _aInterest rates - India
650 _aInterest rates
700 _aParida, Purna Chandra
773 _aAsian Economic Review
909 _a73094
999 _c73094
_d73094